Statistiques concernant Les 10 plus petits pays d'Afrique

Cliquez ici pour prendre le quiz!

Statistiques générales

  • Ce quiz a été pris 295 fois
    (285 depuis la dernière actualisation)
  • Le résultat moyen est 9 sur 10

Statistiques - réponses

ClassementSuperficie (en km2)Nom du pays% Correct
54 033Cap-vert
92%
42 170Comores
92%
926 338Rwanda
90%
32 040Maurice
89%
1455Seychelles
89%
823 000Djibouti
88%
1027 830Burundi
87%
21 001Sao-Tomé-et-Principe
87%
611 300Gambie
82%
717 363Swaziland
70%

Distribution des résultats

Percentile par nombre de réponses

% des personnes avec chaque résultat

Votre développement - résultats

Vous n’avez pas pris ce quiz depuis la dernière actualisation